000 00260nam a2200121Ia 4500
008 241002s9999 xx 000 0 und d
082 _a955.053 GHI
100 _aGhirshman, R.
245 0 _aIran
260 _aLondon:
_c1951
600 _aHistory
942 _cUC
999 _c18566
_d18566